El socialismo: análisis económico y sociológico
Guardat en:
| Autor principal: | |
|---|---|
| Format: | Llibre |
| Idioma: | espanyol |
| Publicat: |
Ciudad de México
Hermes
1961
|
| Matèries: | |
| Etiquetes: |
Afegir etiqueta
Sense etiquetes, Sigues el primer a etiquetar aquest registre!
|
MARC
| LEADER | 00000nam a2200000 a 4500 | ||
|---|---|---|---|
| 001 | UCT8046 | ||
| 003 | CL-VaPUC | ||
| 008 | 970317e19610000MX |||||||||||||||||spa|d | ||
| 082 | 0 | 4 | |a 335.41 |b MIS |2 21 |
| 100 | |a Mises, Ludwig von |e autor |9 379498 | ||
| 245 | 1 | 3 | |a El socialismo: análisis económico y sociológico |
| 300 | |a 621 p | ||
| 942 | |c BK | ||
| 945 | |d 19970317 00:00:00 |a paguirre | ||
| 260 | |a Ciudad de México |b Hermes |c 1961 | ||
| 650 | 0 | |a Socialismo |9 255260 | |
| 650 | 7 | |a COLECTIVISMO |2 CL-VaPUC |9 255685 | |
| 650 | 0 | |a Economía |9 255568 | |
| 650 | 7 | |a SISTEMAS POLITICOS |2 CL-VaPUC |9 379499 | |
| 650 | 0 | |a Teorías económicas |9 270968 | |
| 650 | 7 | |a PROPIEDAD ESTATAL |2 CL-VaPUC |9 379500 | |
| 650 | 0 | |a Comunismo |9 255588 | |
| 583 | |a last modification |c 19970317 00:00:00 |k Rodrigo Vera | ||
| 999 | |c 256582 |d 256580 | ||
| 952 | |0 0 |1 0 |4 0 |6 335_410000000000000_MIS_1961 |7 0 |8 A |9 279378 |a BIBDER |b BIBDER |d 2019-11-19 |i 1812157 |o 335.41 MIS 1961 |p 1812157 |r 2023-01-25 |w 2019-11-19 |y BK |k DER | ||